Vista normal
Vista MARC
Entrada Personal Name
Número de registros utilizados en: 1
001 - CONTROL NUMBER
- control field: 61988
003 - CONTROL NUMBER IDENTIFIER
- control field: OSt
005 - DATE AND TIME OF LATEST TRANSACTION
- control field: 20250812010443.0
008 - FIXED-LENGTH DATA ELEMENTS
- fixed length control field: 250812|| aca||aabn | a|a d
040 ## - CATALOGING SOURCE
- Original cataloging agency: OSt
- Transcribing agency: OSt
100 ## - HEADING--PERSONAL NAME
- Personal name: Cornelles, Jerónimo,
- Dates associated with a name: 1976-
670 ## - SOURCE DATA FOUND
- Source citation: Work cat.: (OSt)57898: Cornelles, Jerónimo, 1976- aut, Mariama :